| 000 | 01206nam a2200301 a 4500 | ||
|---|---|---|---|
| 001 | 57994 | ||
| 003 | BD-RjUL | ||
| 005 | 20211209080557.0 | ||
| 008 | 161212s2007 enka b 001 0 eng | ||
| 020 | _a9781412940306 (cloth : alk. paper) | ||
| 020 | _a9781412940313 (pbk. : alk. paper) | ||
| 035 | _a(BD-RjUL)58118 | ||
| 040 |
_aDLC _cDLC _dBD-RjUL _beng |
||
| 041 | _aeng | ||
| 082 | 0 | 0 |
_a300.7 _223 _bWEH 2007 |
| 100 |
_aWelch-Ross, Melissa K. _9172243 |
||
| 245 | 1 | 0 |
_aHandbook on communicating and disseminating behavioral science / _cMelissa K. Welch-Ross, Lauren G. Fasig. |
| 260 |
_aLos Angeles : _bSage Publications, _cc2007. |
||
| 300 |
_aix, 461 p. : _bill. ; _c26 cm. |
||
| 504 | _aIncludes bibliographical references and index. | ||
| 650 | 0 |
_aPsychology _xStudy and teaching. _9172237 |
|
| 700 | 1 |
_aFasig, Lauren G. _9172239 |
|
| 856 | 4 | 1 |
_3Table of contents only _uhttp://www.loc.gov/catdir/toc/ecip0715/2007014600.html |
| 856 | 4 | 2 |
_3Contributor biographical information _uhttp://www.loc.gov/catdir/enhancements/fy0806/2007014600-b.html |
| 856 | 4 | 2 |
_3Publisher description _uhttp://www.loc.gov/catdir/enhancements/fy0806/2007014600-d.html |
| 942 |
_2ddc _cBK |
||
| 999 |
_c57994 _d57994 |
||